Online Catalogue and eLibrary

Child Behavior and Development (Record no. 1534)

MARC details
000 -LEADER
fixed length control field 00448nam a2200181Ia 4500
005 - DATE AND TIME OF LATEST TRANSACTION
control field 20250106055727.0
008 - FIXED-LENGTH DATA ELEMENTS--GENERAL INFORMATION
fixed length control field 240331s9999 xx 000 0 und d
020 ## - INTERNATIONAL STANDARD BOOK NUMBER
ISBN 8122001629
082 ## - DDC Classification
Item Number - Author Mark KUP
DDC Edition Number 1376
Class No. 305.23
100 ## - MAIN ENTRY--PERSONAL NAME
Personal name Kuppuswamy, P
245 #0 - TITLE STATEMENT
Title Child Behavior and Development
Remainder of title A Textbook of:
250 ## - EDITION STATEMENT
Edition statement 3rd
260 ## - PUBLICATION, DISTRIBUTION, ETC.
Place of publication, distribution, etc. Delhi
Name of publisher, distributor, etc. Konark Publishers
Date of publication, distribution, etc. 1990
300 ## - PHYSICAL DESCRIPTION
Extent (e.g. Volumes, Pages etc.) xii, 288 p.,
650 ## - SUBJECT ADDED ENTRY--TOPICAL TERM
Topical term or geographic name entry element Child
650 ## - SUBJECT ADDED ENTRY--TOPICAL TERM
Topical term or geographic name entry element Growth
942 ## - Koha item type (Biblio)
Koha item type Books in Stacks (Lending)
Holdings
Lost status Damaged status Collection code Home library Current library Shelving location Date acquired Full call number Accession Number Item type
    Lending WERC Library WERC Library Social Science Cupboard 03/31/2024 305.23 KUP 1376 Books in Stacks (Lending)

© WERC Library